00815nam a2200229 a 4500001001000000005001700010008004100027020001500068050002100083245013200104260003100236300004900267500003400316650002800350700002600378700002400404740001800428902000800446942001100454999001500465952010500480BRCA_203920190320203639.0010808s1997----sp-a---###---#000-0#spa-# a8423976513 4aG1021b.E63 199710aEnciclopedia universal ilustrada europeo-americanabatlas mundialcdirector general Ricard Domingo ; cartografía Blauset S.L. aMadridbEspasa-Calpec1997 a1 atlas (448 p.)bil. a color, mapasc37 cm. aIncluye índice toponímico14aAtlas españoles962311 aDomingo, Ricard962321 aS.L., Blauset962330 aatlas mundial aREF 2lcccB c1805d1805 00104070aBRCAbBRCAd2008-08-01l0oG1021 .E63 1997pREF00410r2019-03-22 00:00:00w2019-03-22yB